书目信息 |
| 题名: |
世界教育大事典
|
|
| 作者: | 顾明远 主编 | |
| 分册: | ||
| 出版信息: | 南京 江苏教育出版社 2000 |
|
| 页数: | 1688页,[32]页图版 | |
| 开本: | 16开 | |
| 丛书名: | ||
| 单 册: | ||
| 中图分类: | G51-61 | |
| 科图分类: | ||
| 主题词: | 教育事业--世界 | |
| 电子资源: | ||
| ISBN: | 7-5343-3753-4 | |
| 000 | 00577nam0 2200193 45 | |
| 001 | 0110141576 | |
| 005 | 20031219104058.4 | |
| 010 | @a7-5343-3753-4@b主编@dCNY148.00 | |
| 100 | @a20011014d2000 km y0chiy0120 ea | |
| 101 | 0 | @achi |
| 105 | @afa z 000yy | |
| 200 | 1 | @a世界教育大事典@AShi Jie Jiao Yu Da Shi Dian@f顾明远主编@FGu Ming Yuan Zhu Bian |
| 210 | @a南京@c江苏教育出版社@d2000 | |
| 215 | @a1688页,[32]页图版@c冠彩图@d16开 | |
| 606 | 0 | @a教育事业@x世界 |
| 690 | @aG51-61@v4 | |
| 701 | @a顾明远@4主编 | |
| 801 | @aCN@bTSTC@c20011014 | |
| 905 | @b315674-676@dG51-61@e33@f3 | |
| 世界教育大事典/顾明远主编.-南京:江苏教育出版社,2000 |
| 1688页,[32]页图版:冠彩图;16开 |
| ISBN 7-5343-3753-4(主编):CNY148.00 |
| ● |
| 相关链接 |
|
|
|
|
正题名:世界教育大事典
索取号:G51-61/33
 
预约/预借
| 序号 | 登录号 | 条形码 | 馆藏地/架位号 | 状态 | 备注 |
| 1 | 0315674 | 203156743 | 密集书库/ [索取号:G51-61/33] | 在馆 | |
| 2 | 0315675 | 203156752 | 工具书阅览室/ [索取号:G51-61/33] | 在馆 | |
| 3 | 0315676 | 203156761 | 第一样本阅览室/ [索取号:G51-61/33] | 在馆 |